00306nam a2200097Ia 45000010005000000080041000050820022000461000059000682450057001272600024001843002241024s9999 xx 000 0 und d aRD/371/R426e/2013 aRepública Dominicana.Ministerio de Educación-MIERD 0aExistencia de materiales educativos en los almacenes bSanto Domingoc2013